Maso na pánvi, v hrnci a na pekáči /

Hlavní autor: Wolter, Annette
Další autoři: Adam, Cornelia, Teubner, Odette
Jazyk: Čeština
Vydáno: Praha : Fortuna Print, 1998
Vydání: Vyd. 1.
Edice: Vaříme lahodně
Témata:
Fyzický popis: 138 s. : barev. il. ; 29 cm
Knihy
Uloženo v:
LEADER 01262nam a2200337 a 4500
001 000305558
003 CZ BrMZK
005 20210223180732.0
007 ta
008 980115s1998 xr e f 0 cze d
015 |a cnb000362133 
020 |a 80-85873-21-4 
035 |a (OCoLC)40079412 
040 |a BOA001  |b cze 
072 7 |a 641  |x Kuchařství. Potraviny. Vařená jídla  |2 Konspekt  |9 19 
080 |a 641.55:637.5  |2 MRF 
080 |a (083.12)  |2 MRF 
100 1 |a Wolter, Annette  |7 mzk2003181799  |4 com 
245 1 0 |a Maso na pánvi, v hrnci a na pekáči /  |c sestavila Annette Wolterová : výborné pokrmy z masa pro každou příležitost od jednoduchých po slavnostní a pro studený bufetvelká obrazová kuchařská kniha s nejlepšími recepty od Cornelie Adamové ... [et al.]barevné fotografie Odette Teubnerová 
250 |a Vyd. 1. 
260 |a Praha :  |b Fortuna Print,  |c 1998 
300 |a 138 s. :  |b barev. il. ;  |c 29 cm 
490 1 |a Vaříme lahodně 
650 0 7 |a masitá jídla  |7 ph115232  |2 czenas 
655 7 |a kuchařské recepty  |7 fd132687  |2 czenas 
700 1 |a Adam, Cornelia  |7 mzk2002164317  |4 aut 
700 1 |a Teubner, Odette  |7 xx0011752  |4 pht 
765 0 |t Fleisch 
830 0 |a Vaříme lahodně 
910 |a BOA001  |b 4-1043.547 
990 |a BK